000 00359nam a2200145Ia 4500
008 240624s9999 xx 000 0 und d
041 _aeng
082 _a005.1 GHE
100 _aGHEZZI CARLO
245 _aFUNDAMENTALS OF SOFTWARE ENGINEERING
250 _aExch.(2nd ed.)
260 _c2003
_aNew Delhi
_bPearson Education
300 _axx, : 604
365 _cRS
999 _c911
_d911